000 02037nam a2200397 i 4500
001 80161
003 ES-MaACL
005 20251003195005.0
007 t|
008 041026m19251927sp e 00110 spa d
080 _a502(031)
245 0 0 _aHistoria natural :
_bvida de los animales, de las plantas y de la Tierra /
_cprólogo de Ignacio Bolívar.
260 _aBarcelona :
_bJ. Gallach,
_c[1925-1927] (
_fImp. Elzeviriana)
300 _a4 v. :
_bil. ;
_c30 cm.
505 8 _aContiene: I. Zoología (Vertebrados) / por Ángel Cabrera, Joaquín Maluquer y Luis Lozano (518 p., 9 lám.) -- II. Zoología (Invertebrados) / por Enrique Rioja Lo-Bianco, Cándido Bolívar y Pieltain, Gonzalo Ceballos, P. Ambrosio Fernández y P. Agustín Barreiro (518 p., 9 lám.) -- III. Botánica / por Romualdo González Fragoso, P. Alfonso Luisier y Pío Font Quer (519 p., 9 lám.) -- IV. Geología / por Rafael Candel Vila, Lucas Fernández Navarro, Francisco Hernández-Pacheco y Eduardo Hernández-Pacheco (619 p., 7 lám.)
650 4 _aCiencias naturales-
_vEnciclopedias.
_910986
650 7 _aZoología
_2embne
_917868
650 7 _aBotánica
_2embne
_910610
650 7 _aGeología
_2embne
_913086
700 1 _aBolívar, Ignacio,
_d1850-1944
_929963
700 1 _aCabrera, Ángel,
_d1879-1960
_933276
700 1 _aMaluquer i Sostres, Joaquim,
_d1930-
_9165373
700 1 _aRioja Lo Bianco, Enrique.
_997350
700 1 _aBolívar Pieltain, Cándido,
_d1896-1976
_9142326
700 1 _aCeballos y Fernández de Córdoba, Gonzalo.
_9142460
700 1 _aFernández, Ambrosio.
_9165374
700 1 _aGonzález Fragoso, Romualdo.
_958637
700 1 _aLuisier, Alfonso.
_9165375
700 1 _aFont Quer, P. (
_d1888-1964)
_951574
700 1 _aCandel Vila, Rafael.
_934451
700 1 _aFernández Navarro, Lucas,
_d1869-1930
_949953
700 1 _aHernández-Pacheco, Eduardo,
_d1872-1965
_963012
700 1 _aHernández-Pacheco, Francisco,
_d1899-1976
_963010
852 4 _aES-MaACL
_jB-1718-21
999 _c80161
_d80161